Vocabulary Click Quiz - 4 - Statistics

General Stats
  • This quiz has been taken 90 times
  • The average score is 15 of 20
Answer Stats
Hint Answer % Correct
Presenting another's work as one's own Plagiarism
93%
Deliberate exageration for effect Hyperbole
92%
Perfect example of something Epitome
88%
Excessive pride or self-confidence Hubris
85%
Direct opposite of someone or something Antithesis
84%
Secret or covert Clandestine
84%
Rapidly increasing or expanding Exponential
84%
Carefully read or examine Peruse
82%
Dealing with the whole of something rather than just the parts Holistic
81%
Repetition of vowel sounds in nearby words Assonance
79%
Implied or emotional meaning suggested by a word or phrase Connotation
78%
Combination of contradictory or incongruous words Oxymoron
77%
Grimly mocking or cynical Sardonic
77%
Ability to make good judgements and take quick decisions Acumen
75%
Generous or noble in spirit Magnanimous
74%
Smallest unit of sound in a spoken language Phoneme
70%
Set of rules or instructions Rubric
63%
Misuse of similar-sounding words Malapropism
60%
Extremely unpleasant or offensive Noisome
55%
Feigning indifference to something that is actually desired Accismus
42%
No matching quizzes found
Score Distribution
Percent of People with Each Score
Percentile by Number Answered
Your Score History
You have not taken this quiz